|
|
|
|
| LEADER |
00668ncm a22002052a 4500 |
| 001 |
001236571 |
| 003 |
CZ BrMZK |
| 005 |
20120803130730.0 |
| 007 |
qu |
| 008 |
120803s1960 ru |||||||||||||||||zxx d |
| 040 |
|
|
|a BOA001
|b cze
|
| 072 |
|
7 |
|a 787
|x Hudba pro strunné a smyčcové nástroje
|2 Konspekt
|9 9
|
| 100 |
1 |
|
|a Kodály, Zoltán,
|d 1882-1967
|7 jn19990210338
|4 cmp
|
| 245 |
1 |
0 |
|a Sonata
|h [hudebnina] :
|b dlja violončeli solo /
|c Zoltán Kodály
|
| 260 |
|
|
|a Moskva :
|b Muzgiz,
|c 1960
|
| 300 |
|
|
|a 20 s.
|
| 910 |
|
|
|a BOA001
|b Mus4-0461.583
|
| 990 |
|
|
|a MU
|
| 991 |
|
|
|b 201208
|
| 996 |
6 |
|
|b 2619075601
|c Mus4-0461.583
|l MZK
|r Sklad / do 1 hodiny
|n 0
|w 001270565
|u 000010
|a 1
|e BOA001
|j MZK50
|s P
|